000 00252nam a22000977a 4500
008 160512b xxu||||| |||| 00| 0 eng d
041 _aeng
080 _a612.39
245 _aHyrje ne teknologjine ushqimore:
_cMihail Danev; Gafur Xhabiri;
942 _2udc
_cBK
999 _c2118
_d2118